Расчет электромагнитного поля главного разряда молнии и разработка аппаратуры для исследования грозовой деятельности: автореферат диссертации на соискание ученой степени кандидата технических наук; спец. 05.14.12

Détails bibliographiques
Auteur principal: Потапкин В. И. Владимир Иванович
Collectivité auteur: Томский политехнический институт (ТПИ)
Autres auteurs: Дульзон А. А. Альфред Андреевич (научный консультант)
Résumé:Защита сост. 8.06.1979 г.
Langue:russe
Publié: Томск, [Б. и.], 1979
Sujets:
Format: MixedMaterials Livre
KOHA link:https://koha.lib.tpu.ru/cgi-bin/koha/opac-detail.pl?biblionumber=336392

MARC

LEADER 00000nam0a2200000 4500
001 336392
005 20240708153632.0
035 |a (RuTPU)RU\TPU\book\362808 
090 |a 336392 
100 |a 20171013d1979 k y0rusy50 ca 
101 0 |a rus 
102 |a RU 
105 |a a dm 001zy 
200 1 |a Расчет электромагнитного поля главного разряда молнии и разработка аппаратуры для исследования грозовой деятельности  |e автореферат диссертации на соискание ученой степени кандидата технических наук  |e спец. 05.14.12  |f В. И. Потапкин 
210 |a Томск  |c [Б. и.]  |d 1979 
215 |a 23 с.  |c ил. 
300 |a Защита сост. 8.06.1979 г. 
320 |a Библиогр.: с. 21-22 (16 назв.) 
606 1 |a Молниеотводы  |2 stltpush  |3 (RuTPU)RU\TPU\subj\44339  |9 63688 
610 1 |a молния 
610 1 |a молния 
610 1 |a разряд 
610 1 |a электромагнитное поле 
610 1 |a регистрация 
610 1 |a грозовая деятельность 
610 1 |a полевые исследования 
610 1 |a аппаратура 
610 1 |a авторефераты диссертаций 
610 1 |a труды учёных ТПУ 
675 |a 621.316.98(04)  |v 4 
686 |a 05.14.12  |2 oksvnk 
700 1 |a Потапкин  |b В. И.  |g Владимир Иванович 
702 1 |a Дульзон  |b А. А.  |c специалист в области техники высоких напряжений, управления проектами, управления персоналом  |c профессор Томского политехнического университета, доктор технических наук  |f 1937-2019  |g Альфред Андреевич  |3 (RuTPU)RU\TPU\pers\21958  |4 695  |9 9277 
712 0 2 |a Томский политехнический институт (ТПИ)  |c (1944-1991)  |3 (RuTPU)RU\TPU\col\1123 
801 1 |a RU  |b 63413507  |c 20171013 
801 2 |a RU  |b 63413507  |c 20171018  |g RCR 
942 |c BK